000 00669nam a2200205Ia 4500
020 _a0801663776 (pbk.)
040 _cAKR
082 _a590 MOS 1993 A109 Or.
100 1 _aHickman, Cleveland P
245 1 0 _aLaboratory studies in integrated zoology /
250 _a8th ed. / new artwork for this edition by William C. Ober
260 _aSt. Louis :
_bMosby,
_cc1993
300 _ax, 420 p. :
_bill. ;
_c28 cm
500 _aCover title: Laboratory studies in integrated principles of zoology
500 _aFolded chart inserted in pocket, inside back cover
650 0 _aZoology
700 1 0 _aHickman, Frances Miller
700 1 0 _aOber, William C
942 _cEK
999 _c16632
_d16632